000 00320nam a2200145Ia 4500
100 _aBrumbaugh/J.E
650 _aChemistry
942 _cBK
654 _aHandbook
245 _aWelders Guide & Handbook
260 _bD.B.Taraporevala Sons & co
_aBombay
_c1976
082 _a671.5
300 _a918
546 _aENGLISH
999 _c32429
_d32429